Akcie bratislavskej Protetiky odporúčame strednodobo držať Príloha
Výrobný program Protetiky, a.s. Bratislava. Ekonomicko-finančná analýza spoločnosti. Celková zadlženosť a likvidita. Dividendová politika spoločnosti. Swot analýza.
Gespeichert in:
| 1. Verfasser: | |
|---|---|
| Format: | Buchkapitel |
| Sprache: | Slowakisch |
| Schlagworte: | |
| Tags: |
Keine Tags, Fügen Sie das erste Tag hinzu!
|
MARC
| LEADER | 00000naa a2200000 4500 | ||
|---|---|---|---|
| 001 | r027902 | ||
| 005 | 20251104124438.3 | ||
| 041 | 0 | |a slo | |
| 044 | |a SK | ||
| 245 | 1 | 0 | |a Akcie bratislavskej Protetiky odporúčame strednodobo držať |b Príloha |c J. Kukučka |
| 520 | |a Výrobný program Protetiky, a.s. Bratislava. Ekonomicko-finančná analýza spoločnosti. Celková zadlženosť a likvidita. Dividendová politika spoločnosti. Swot analýza. | ||
| 610 | 2 | 0 | |a Protetika, a.s. Bratislava |
| 610 | 2 | 0 | |a programy výrobné |
| 610 | 2 | 0 | |a technika zdravotnícka |
| 610 | 2 | 0 | |a analýza finančná |
| 610 | 2 | 0 | |a analýza ekonomická |
| 610 | 2 | 0 | |a zadlženosť |
| 610 | 2 | 0 | |a likvidita |
| 610 | 2 | 0 | |a akcie |
| 610 | 2 | 0 | |a akcionári |
| 610 | 2 | 0 | |a politika dividendová |
| 610 | 2 | 0 | |a analýza swot |
| 100 | 1 | |a Kukučka, J. | |